|
|
|
|
| LEADER |
00839cam a2200217 a 4500 |
| 001 |
0000088835 |
| 005 |
20080414090000.0 |
| 040 |
|
|
|a mod
|
| 041 |
|
|
|a eng
|
| 020 |
0 |
0 |
|a 9789679789447
|
| 090 |
0 |
0 |
|a 923.5595
|b HAT
|e 2007
|
| 100 |
1 |
0 |
|a Hatton
|h Tim
|
| 245 |
1 |
0 |
|a Tock tock birds
|b a spider in the web of international terrorism
|c Tim Hatton
|
| 260 |
0 |
0 |
|a Subang Jaya
|b Pelanduk Publications
|c 2007
|
| 300 |
0 |
0 |
|a 422 p.
|b ill., maps
|c 22 cm
|
| 500 |
0 |
0 |
|a Includes index
|
| 650 |
0 |
0 |
|a Intelligence officers
|x Great Britain
|x Biography
|
| 651 |
0 |
0 |
|a Great Britain
|x Colonies
|x Asia
|x History
|y 20th century
|
| 999 |
|
|
|a 0262541
|b IPDA
|d BOOKS
|e Umum
|f IPDA
|j AVAILABLE
|q GOOD CONDITION
|
| 999 |
|
|
|a 0264790
|b MAWILLA II
|d BOOKS
|e Umum
|f MAWILLA 2
|j AVAILABLE
|q GOOD CONDITION
|
| 999 |
|
|
|a 1000006203
|b Maktab Pertahanan Angkatan Tentera
|d BOOKS
|e Umum
|f MPAT
|j AVAILABLE
|q GOOD CONDITION
|